statistieken voor Most common Dutch street names

Klik hier om de quiz te nemen!

Generale statistieken

  • Deze quiz is al 317 keer genomen
  • De gemiddelde score is 5 of 19

Antwoord statistieken

Rank Street name % Correct
1Kerkstraat
73%
4Dorpsstraat
62%
2Schoolstraat
40%
12Beatrixstraat
37%
6Julianastraat
36%
14Stationsweg
35%
9Wilhelminastraat
34%
16Markt
32%
3Molenstraat
24%
5Molenweg
24%
18Emmastraat
19%
8Nieuwstraat
14%
15Eikenlaan
12%
19Beukenlaan
12%
13Kastanjelaan
6%
11Industrieweg
5%
10Sportlaan
5%
17Prins Bernhardstraat
3%
7Parallelweg
3%

Score Distributie

Percentiel op hoeveel beantwoord

Procent van mensen met elke score

Uw Scoregeschiedenis

U hebt deze quiz nog niet genomen